[Event "Agios Nikolaos op 3rd"]
[Site "Agios Ioannis"]
[Date "2019.09.02"]
[Round "9"]
[White "Tsihlis, Hristos Panagiotis"]
[Black "Fanourgakis, Konstantinos"]
[Result "1-0"]
[WhiteElo "1513"]
[BlackElo "1670"]
[PlyCount "57"]
[EventDate "2019.08.26"]
[EventType "swiss"]
[EventRounds "9"]
[EventCountry "GRE"]
[SourceTitle "EXT 2020"]
[Source "ChessBase"]
[SourceDate "2019.10.17"]
[SourceVersion "1"]
[SourceVersionDate "2019.10.17"]
[SourceQuality "1"]

1. c4 Nf6 2. Nc3 e6 3. g3 d5 4. Bg2 c6 5. b3 Be7 6. e3 0-0 7. Nge2 e5 8. d4 e4 9. Bb2 Bg4 10. h3 Bf5 11. g4 Be6 12. Nf4 Bd6 13. Nxe6 fxe6 14. g5 Ne8 15. Qg4 Rf5 16. h4 g6 17. Nxe4 dxe4 18. Bxe4 Bb4+ 19. Ke2 Rf7 20. h5 gxh5 21. Rxh5 Ng7 22. Rxh7 Nf5 23. Rxf7 Kxf7 24. Bxf5 exf5 25. Qxf5+ Kg8 26. Qg6+ Kf8 27. Rh1 Qd6 28. Rh8+ Ke7 29. Qe8# 1-0

[Event "Agios Nikolaos op 3rd"]
[Site "Agios Ioannis"]
[Date "2019.08.30"]
[Round "6"]
[White "Fanourgakis, Konstantinos"]
[Black "Kontaki, Maria"]
[Result "1-0"]
[WhiteElo "1670"]
[BlackElo "1056"]
[PlyCount "59"]
[EventDate "2019.08.26"]
[EventType "swiss"]
[EventRounds "9"]
[EventCountry "GRE"]
[SourceTitle "EXT 2020"]
[Source "ChessBase"]
[SourceDate "2019.10.17"]
[SourceVersion "1"]
[SourceVersionDate "2019.10.17"]
[SourceQuality "1"]

1. e4 e5 2. Nf3 d6 3. Bc4 Bg4 4. d3 Be7 5. Nbd2 Nf6 6. c3 0-0 7. 0-0 Nbd7 8. a4 Nb6 9. Ba2 d5 10. Re1 Bd6 11. a5 Nbd7 12. exd5 Nc5 13. Ne4 Ncxe4 14. dxe4 h6 15. Qd3 Nh5 16. h3 Nf4 17. Bxf4 Bxf3 18. Qxf3 exf4 19. e5 Be7 20. Rad1 Bg5 21. e6 Qd6 22. exf7+ Rxf7 23. Re6 Qc5 24. d6 Kf8 25. d7 c6 26. b4 Qf5 27. Qe2 Be7 28. d8Q+ Rxd8 29. Rxd8+ Bxd8 30. Re8# 1-0

[Event "Athens ChessSquare Celebration op"]
[Site "Athens"]
[Date "2015.11.14"]
[Round "2"]
[White "Fanourgakis, Konstantinos"]
[Black "Stamatopoulos, Ioannis"]
[Result "0-1"]
[WhiteElo "1701"]
[BlackElo "2091"]
[PlyCount "72"]
[EventDate "2015.11.07"]
[EventType "swiss"]
[EventRounds "7"]
[EventCountry "GRE"]
[SourceTitle "EXT 2024"]
[Source "ChessBase"]
[SourceDate "2023.10.10"]
[SourceVersion "1"]
[SourceVersionDate "2023.10.10"]
[SourceQuality "1"]

1. e4 e6 2. d4 d5 3. Nc3 dxe4 4. Nxe4 Bd7 5. Nf3 Bc6 6. Bd3 Nd7 7. 0-0 Ngf6 8. Nxf6+ Qxf6 9. Be2 Bd6 10. c4 Bxf3 11. Bxf3 c6 12. Qb3 Rb8 13. Be3 0-0 14. Rad1 Rfd8 15. a4 a6 16. Qa2 e5 17. c5 e4 18. Be2 Bc7 19. Bc4 Qe7 20. b4 Nf6 21. Qe2 Nd5 22. Qg4 Rd7 23. Bh6 f5 24. Qxf5 gxh6 25. Rfe1 Re8 26. Rxe4 Qxe4 27. Qxd7 Re7 28. Qh3 Kg7 29. Qb3 Nf4 30. f3 Qe3+ 31. Qxe3 Rxe3 32. g3 Nd5 33. Bf1 Rxf3 34. b5 axb5 35. axb5 Bd8 36. bxc6 bxc6 0-1

[Event "Athens Smaok op 5th"]
[Site "Athens"]
[Date "2010.04.27"]
[Round "6.19"]
[White "Fanourgakis, Konstantinos"]
[Black "Kostopoulos, Thomas"]
[Result "0-1"]
[WhiteElo "1896"]
[BlackElo "1844"]
[PlyCount "62"]
[EventDate "2010.03.16"]
[EventType "swiss"]
[EventRounds "7"]
[EventCountry "GRE"]
[SourceTitle "EXT 2024"]
[Source "ChessBase"]
[SourceDate "2023.10.10"]
[SourceVersion "1"]
[SourceVersionDate "2023.10.10"]
[SourceQuality "1"]

1. e4 c6 2. d4 d5 3. e5 Bf5 4. Bd3 Bxd3 5. Qxd3 e6 6. Nf3 Nd7 7. 0-0 c5 8. dxc5 Bxc5 9. Nc3 Ne7 10. a3 h6 11. b4 Bb6 12. Nb5 0-0 13. c4 dxc4 14. Qxc4 Rc8 15. Qb3 Nd5 16. Bb2 a6 17. Nd6 Rc7 18. Rfe1 Nb8 19. Rad1 Nc6 20. Re4 Rd7 21. Qc2 Ba7 22. Nxb7 Ncxb4 23. Nxd8 Nxc2 24. Nc6 Rb7 25. Nxa7 Rxb2 26. Rc4 Nxa3 27. Rcc1 Nb5 28. Nc6 Kh7 29. Ra1 Ra8 30. Kf1 Nbc3 31. Rdc1 Ne4 0-1

[Event "Athens Smaok op 4th"]
[Site "Athens"]
[Date "2010.01.12"]
[Round "1"]
[White "Koerant, Filipos"]
[Black "Fanourgakis, Konstantinos"]
[Result "1-0"]
[WhiteElo "2061"]
[BlackElo "1885"]
[PlyCount "45"]
[EventDate "2010.01.12"]
[EventType "swiss"]
[EventRounds "7"]
[EventCountry "GRE"]
[SourceTitle "EXT 2011"]
[Source "ChessBase"]
[SourceDate "2010.11.26"]
[SourceVersion "1"]
[SourceVersionDate "2010.11.26"]
[SourceQuality "1"]

1. d4 Nf6 2. c4 g6 3. Nc3 Bg7 4. e4 d6 5. Be2 0-0 6. Nf3 Nbd7 7. Bg5 e5 8. d5 a6 9. Qd2 Re8 10. 0-0 Nc5 11. Bxf6 Qxf6 12. b4 Nd7 13. a4 Qf4 14. g3 Qxd2 15. Nxd2 Nf8 16. c5 f5 17. cxd6 cxd6 18. Nc4 fxe4 19. Nxd6 Rd8 20. Ncxe4 Bf5 21. Rac1 Bxe4 22. Nxe4 Rac8 23. Rfd1 1-0

[Event "Ambelokipi op 089th"]
[Site "Athens"]
[Date "2008.09.09"]
[Round "2"]
[White "Klokas, Konstantinos"]
[Black "Fanourgakis, Konstantinos"]
[Result "1-0"]
[WhiteElo "2167"]
[BlackElo "1859"]
[PlyCount "65"]
[EventDate "2008.09.06"]
[EventType "swiss"]
[EventRounds "6"]
[EventCountry "GRE"]
[SourceTitle "EXT 2024"]
[Source "ChessBase"]
[SourceDate "2023.10.10"]
[SourceVersion "1"]
[SourceVersionDate "2023.10.10"]
[SourceQuality "1"]

1. e4 e5 2. Nf3 Nc6 3. d4 exd4 4. Nxd4 Bc5 5. Be3 Qf6 6. c3 Nge7 7. g3 Bb6 8. Bg2 d6 9. 0-0 Bd7 10. Nb5 Kd8 11. Bxb6 axb6 12. N1a3 Ra5 13. f4 Kc8 14. b4 Ra6 15. Nc4 Qe6 16. Ncxd6+ cxd6 17. Nxd6+ Kc7 18. b5 Rxa2 19. Rxa2 Qxa2 20. bxc6 Bxc6 21. Rf2 Qe6 22. Rd2 f6 23. c4 Rf8 24. Nb5+ Bxb5 25. cxb5 Rc8 26. h4 Kb8 27. Qf3 Rc7 28. Rd8+ Nc8 29. Qd3 Qe7 30. Kh2 Rc2 31. Rd7 Qc5 32. e5 Qf2 33. Rxb7+ 1-0

[Event "Ambelokipi op 87th"]
[Site "Athens"]
[Date "2008.05.14"]
[Round "2"]
[White "Fanourgakis, Konstantinos"]
[Black "Delithanasis, Dimitrios"]
[Result "0-1"]
[WhiteElo "1834"]
[BlackElo "2187"]
[PlyCount "110"]
[EventDate "2008.05.10"]
[EventType "swiss"]
[EventRounds "7"]
[EventCountry "GRE"]
[SourceTitle "EXT 2010"]
[Source "ChessBase"]
[SourceDate "2010.11.25"]
[SourceVersion "1"]
[SourceVersionDate "2010.11.25"]
[SourceQuality "1"]

1. c4 Nf6 2. d4 c6 3. Nc3 d5 4. e3 g6 5. Qb3 Bg7 6. Nf3 0-0 7. Be2 e6 8. Qc2 dxc4 9. Bxc4 b5 10. Bd3 Bb7 11. Ne4 Nxe4 12. Bxe4 Nd7 13. Bd2 a5 14. Rc1 Rc8 15. b4 a4 16. Bc3 Qe7 17. Qb2 Nb6 18. Nd2 Nd5 19. Nf3 Rfd8 20. 0-0 f5 21. Bb1 Nb6 22. Qe2 Rc7 23. Rfd1 Rcd7 24. Bd3 Nd5 25. a3 e5 26. dxe5 Nxc3 27. Rxc3 Bxe5 28. Rc5 Bf6 29. Rcc1 Kg7 30. Qc2 Rd6 31. Be2 Rxd1+ 32. Rxd1 Rxd1+ 33. Qxd1 Qe6 34. Nd4 Qa2 35. Qd3 Qd5 36. Bf3 Qd7 37. Qd1 Kf7 38. Kf1 f4 39. Ke2 Qd6 40. h3 fxe3 41. fxe3 c5 42. Nxb5 Bxf3+ 43. gxf3 Qh2+ 44. Kd3 cxb4 45. Qxa4 bxa3 46. Qxa3 Qxh3 47. Qa7+ Kg8 48. Qb8+ Kg7 49. Qc7+ Kh6 50. Qf4+ Bg5 51. Qf8+ Kh5 52. Nc3 Qf1+ 53. Kd4 Qa6 54. f4 Bf6+ 55. Ke4 Qc6+ 0-1

[Event "Panagiotis Apergis op"]
[Site "Ano Liosia"]
[Date "2007.05.11"]
[Round "6"]
[White "Fanourgakis, Konstantinos"]
[Black "Ilandzis, Spyridon"]
[Result "0-1"]
[WhiteElo "1889"]
[BlackElo "2182"]
[PlyCount "48"]
[EventDate "2007.04.24"]
[EventType "swiss"]
[EventRounds "7"]
[EventCountry "GRE"]
[SourceTitle "EXT 2008"]
[Source "ChessBase"]
[SourceDate "2007.11.25"]
[SourceVersion "1"]
[SourceVersionDate "2007.11.25"]
[SourceQuality "1"]

1. e4 c5 2. Nf3 d6 3. d4 cxd4 4. Nxd4 Nf6 5. Nc3 a6 6. Bc4 e6 7. Bb3 Nbd7 8. Be3 Nc5 9. f3 Be7 10. 0-0 0-0 11. Qd2 Qc7 12. Rad1 b5 13. a3 Nxb3 14. Nxb3 Bb7 15. Qf2 d5 16. Bb6 Qc8 17. e5 Nd7 18. Bd4 Qc7 19. Rfe1 Bc6 20. Kh1 a5 21. Nc5 b4 22. Nb1 Rfc8 23. a4 Bxc5 24. Bxc5 Bxa4 0-1